[Event "Hamburg-ch Seniors 65+ op 26th"]
[Site "Hamburg"]
[Date "2019.11.19"]
[Round "9"]
[White "Kaiser, Guenter3"]
[Black "Frackowiak, Stanislaw"]
[Result "0-1"]
[WhiteElo "1704"]
[BlackElo "1671"]
[PlyCount "68"]
[EventDate "2019.11.11"]
[EventType "swiss"]
[EventRounds "9"]
[EventCountry "GER"]
[SourceTitle "EXT 2022"]
[Source "ChessBase"]
[SourceDate "2021.10.06"]
[SourceVersion "1"]
[SourceVersionDate "2021.10.06"]
[SourceQuality "1"]

1. d4 Nf6 2. c4 e6 3. Nc3 d5 4. Nf3 c6 5. e3 Bd6 6. Bd3 Nbd7 7. 0-0 0-0 8. Re1 Re8 9. h3 e5 10. dxe5 Nxe5 11. cxd5 Nxd3 12. Qxd3 Nxd5 13. Kf1 Nxc3 14. Qxc3 Qc7 15. b3 f6 16. Bb2 a5 17. Rac1 Bb4 18. Qc2 Bxe1 19. Rxe1 b6 20. Kg1 c5 21. Rc1 Bb7 22. Qc4+ Qf7 23. Qxf7+ Kxf7 24. Nd2 Bd5 25. Nc4 Bxc4 26. Rxc4 Rad8 27. Rc2 Rd1+ 28. Kh2 Red8 29. Rc3 Rb1 30. Rc2 Rdd1 31. h4 h6 32. g3 b5 33. Bc3 Rbc1 34. Rxc1 Rxc1 0-1

[Event "Harburg-chC 14th"]
[Site "Hamburg"]
[Date "2019.07.27"]
[Round "3.2"]
[White "Floren, Dieter"]
[Black "Frackowiak, Stanislaw"]
[Result "1-0"]
[WhiteElo "1713"]
[BlackElo "1671"]
[PlyCount "117"]
[EventDate "2019.07.26"]
[EventType "tourn"]
[EventRounds "5"]
[EventCountry "GER"]
[SourceTitle "EXT 2020"]
[Source "ChessBase"]
[SourceDate "2019.10.17"]
[SourceVersion "1"]
[SourceVersionDate "2019.10.17"]
[SourceQuality "1"]

1. e4 c5 2. Nc3 Nc6 3. g3 e5 4. Bg2 Nf6 5. Nge2 Be7 6. d3 0-0 7. 0-0 d6 8. h3 Bd7 9. Be3 Qc8 10. Kh2 Be6 11. Nd5 Qd7 12. c3 Rad8 13. f4 b6 14. f5 Bxd5 15. exd5 Nb8 16. g4 h6 17. Ng3 Nh7 18. Ne4 Qb5 19. Qd2 Nd7 20. c4 Qa6 21. Qf2 Ndf6 22. Nc3 Qb7 23. Qe2 Ne8 24. Rab1 Bg5 25. b4 Qe7 26. bxc5 bxc5 27. Rb3 Bxe3 28. Qxe3 Qh4 29. Qg3 Qg5 30. Ne4 Qe7 31. Rfb1 Rd7 32. a4 Nhf6 33. Nd2 Nc7 34. Ne4 Na6 35. h4 Nb4 36. Nxf6+ Qxf6 37. g5 hxg5 38. hxg5 Qxf5 39. Bh3 Qh7 40. Kg2 Re7 41. Rh1 g6 42. Rbb1 Qg7 43. Rbe1 f5 44. gxf6 Rxf6 45. Re4 Kf8 46. Be6 Rexe6 47. dxe6 Rxe6 48. Reh4 Kg8 49. Qf3 e4 50. Rh8+ Qxh8 51. Rxh8+ Kxh8 52. Qf8+ Kh7 53. Qf7+ Kh6 54. Qxe6 exd3 55. Qxd6 a5 56. Qxc5 Nc2 57. Qd6 Ne3+ 58. Kf3 Nxc4 59. Qf4+ 1-0

[Event "Hamburg-chA"]
[Site "Hamburg"]
[Date "2019.06.09"]
[Round "2"]
[White "Frackowiak, Stanislaw"]
[Black "Grotrian, Peter"]
[Result "1-0"]
[WhiteElo "1665"]
[BlackElo "1511"]
[PlyCount "91"]
[EventDate "2019.06.08"]
[EventType "swiss"]
[EventRounds "7"]
[EventCountry "GER"]
[SourceTitle "EXT 2022"]
[Source "ChessBase"]
[SourceDate "2021.10.06"]
[SourceVersion "1"]
[SourceVersionDate "2021.10.06"]
[SourceQuality "1"]

1. d4 d5 2. Nf3 Nf6 3. e3 Bf5 4. Bd3 e6 5. 0-0 Nbd7 6. Nbd2 c5 7. Bxf5 exf5 8. dxc5 Bxc5 9. Nb3 Bf8 10. Bd2 Ne4 11. Be1 Ndf6 12. a3 a5 13. a4 g6 14. Nbd4 Bg7 15. Qd3 0-0 16. Ra3 Qd6 17. Qb5 Qc7 18. c3 Nd6 19. Qe2 Nfe4 20. Nb5 Qc4 21. Qxc4 dxc4 22. Nfd4 Rfd8 23. f3 Nc5 24. Bh4 Nxb5 25. axb5 Re8 26. Bf2 Nd3 27. b3 cxb3 28. Rxb3 Nxf2 29. Kxf2 Rec8 30. Rc1 Rc4 31. Ke2 Bxd4 32. exd4 Re8+ 33. Kd2 b6 34. Re1 Rxe1 35. Kxe1 Ra4 36. Rb2 Ra1+ 37. Kd2 Kg7 38. c4 Kf6 39. c5 bxc5 40. dxc5 a4 41. Kc2 Re1 42. c6 Ke7 43. b6 a3 44. Ra2 Kd8 45. Rxa3 Kc8 46. Ra8# 1-0

[Event "Hamburg-chA"]
[Site "Hamburg"]
[Date "2019.06.08"]
[Round "1"]
[White "Lohmann, Rene Alexander"]
[Black "Frackowiak, Stanislaw"]
[Result "0-1"]
[WhiteElo "1499"]
[BlackElo "1665"]
[PlyCount "27"]
[EventDate "2019.06.08"]
[EventType "swiss"]
[EventRounds "7"]
[EventCountry "GER"]
[SourceTitle "EXT 2022"]
[Source "ChessBase"]
[SourceDate "2021.10.06"]
[SourceVersion "1"]
[SourceVersionDate "2021.10.06"]
[SourceQuality "1"]

1. e4 c5 2. d4 cxd4 3. c3 dxc3 4. Nxc3 Nc6 5. Nf3 e6 6. Bc4 Nf6 7. Qe2 Qc7 8. Nb5 Qb8 9. e5 Ng4 10. 0-0 a6 11. Nc3 Ngxe5 12. Nxe5 Qxe5 13. Qxe5 Nxe5 14. Bf4 0-1

[Event "Hamburg-ch Seniors 65+"]
[Site "Hamburg"]
[Date "2018.11.04"]
[Round "5"]
[White "Heitsch, Karl Wilhelm"]
[Black "Frackowiak, Stanislaw"]
[Result "0-1"]
[WhiteElo "1492"]
[BlackElo "1652"]
[PlyCount "45"]
[EventDate "2018.10.31"]
[EventType "swiss"]
[EventRounds "9"]
[EventCountry "GER"]
[SourceTitle "CBM 189 Extra"]
[Source "ChessBase"]
[SourceDate "2019.05.31"]
[SourceVersion "1"]
[SourceVersionDate "2019.05.31"]
[SourceQuality "1"]

1. d4 Nf6 2. c4 e6 3. Nf3 b6 4. e3 Bb7 5. Nbd2 Bb4 6. Be2 Ne4 7. 0-0 0-0 8. Nxe4 Bxe4 9. a3 Bd6 10. b4 f5 11. c5 Be7 12. Nd2 Bc6 13. f4 Rf6 14. Nf3 Rg6 15. Rf2 d6 16. Ra2 Nd7 17. b5 Bd5 18. Rb2 dxc5 19. Ne5 Nxe5 20. dxe5 Bh4 21. g3 Be7 22. Rd2 Qe8 23. Bh5 0-1

[Event "Hamburg-ch Seniors 65+"]
[Site "Hamburg"]
[Date "2018.11.03"]
[Round "4"]
[White "Frackowiak, Stanislaw"]
[Black "Duemmke, Juergen"]
[Result "0-1"]
[WhiteElo "1652"]
[BlackElo "2056"]
[PlyCount "54"]
[EventDate "2018.10.31"]
[EventType "swiss"]
[EventRounds "9"]
[EventCountry "GER"]
[SourceTitle "CBM 189 Extra"]
[Source "ChessBase"]
[SourceDate "2019.05.31"]
[SourceVersion "1"]
[SourceVersionDate "2019.05.31"]
[SourceQuality "1"]

1. d4 Nf6 2. Nf3 g6 3. e3 Bg7 4. Be2 0-0 5. 0-0 b6 6. Nbd2 Bb7 7. Re1 d6 8. c3 Nbd7 9. Bc4 e5 10. dxe5 dxe5 11. Ng5 Qe7 12. e4 Rad8 13. Qc2 h6 14. Nxf7 Rxf7 15. Bxf7+ Qxf7 16. f3 Nc5 17. Nf1 Bf8 18. Be3 Kh7 19. Nd2 Ba6 20. c4 Nd3 21. Red1 Bc5 22. Bxc5 Nxc5 23. b3 Ne6 24. Nf1 Nd4 25. Qf2 c5 26. Ne3 Rf8 27. Qg3 Ne2+ 0-1

[Event "Harburg-chE 13th"]
[Site "Hamburg"]
[Date "2018.08.04"]
[Round "3"]
[White "Frackowiak, Stanislaw"]
[Black "Mueller, Bodo"]
[Result "1/2-1/2"]
[WhiteElo "1647"]
[BlackElo "1558"]
[PlyCount "56"]
[EventDate "2018.08.03"]
[EventType "tourn"]
[EventRounds "5"]
[EventCountry "GER"]
[SourceTitle "EXT 2019"]
[Source "ChessBase"]
[SourceDate "2018.10.10"]
[SourceVersion "1"]
[SourceVersionDate "2018.10.10"]
[SourceQuality "1"]

1. d4 Nf6 2. Nf3 e6 3. e3 c5 4. c3 Nc6 5. Bd3 d5 6. 0-0 cxd4 7. exd4 g6 8. Bg5 Bg7 9. Ne5 0-0 10. Qf3 h6 11. Nxc6 bxc6 12. Bh4 g5 13. Bg3 Nd7 14. Re1 a5 15. Nd2 c5 16. dxc5 Ba6 17. Bd6 Bxd3 18. Qxd3 Re8 19. Nb3 Rc8 20. Qb5 Bf8 21. Bxf8 Rxf8 22. Qxa5 Qxa5 23. Nxa5 Rxc5 24. Nb3 Rb5 25. Re2 Rc8 26. Nd4 Rb6 27. a4 Ra6 28. Nb5 Nc5 1/2-1/2

[Event "Hamburg-chA"]
[Site "Hamburg"]
[Date "2018.05.27"]
[Round "7"]
[White "Frackowiak, Stanislaw"]
[Black "Schoenfisch, Norbert"]
[Result "1/2-1/2"]
[WhiteElo "1641"]
[BlackElo "1784"]
[PlyCount "69"]
[EventDate "2018.05.19"]
[EventType "swiss"]
[EventRounds "7"]
[EventCountry "GER"]
[SourceTitle "EXT 2020"]
[Source "ChessBase"]
[SourceDate "2019.10.17"]
[SourceVersion "1"]
[SourceVersionDate "2019.10.17"]
[SourceQuality "1"]

1. d4 Nf6 2. Nf3 g6 3. e3 Bg7 4. Bd3 d6 5. 0-0 0-0 6. Nbd2 Nbd7 7. Re1 e5 8. dxe5 Nxe5 9. Nxe5 dxe5 10. e4 c6 11. Nf3 Nh5 12. Rb1 h6 13. b3 Bg4 14. h3 Bxf3 15. Qxf3 Qc7 16. Be3 b6 17. Rbd1 Rad8 18. Qg4 Rd7 19. Bc4 Rxd1 20. Rxd1 Kh7 21. Qd7 Rc8 22. f3 Nf6 23. Qxf7 Qxf7 24. Bxf7 Rc7 25. Bc4 Rd7 26. Rxd7 Nxd7 27. Be6 Nc5 28. Bxc5 bxc5 29. c4 Bf8 30. Bd7 Kg7 31. Bxc6 Kf6 32. g3 Bd6 33. Be8 g5 34. g4 Ke7 35. Ba4 1/2-1/2

[Event "Hamburg-chA"]
[Site "Hamburg"]
[Date "2018.05.26"]
[Round "6"]
[White "Boxberger, Dieter"]
[Black "Frackowiak, Stanislaw"]
[Result "0-1"]
[WhiteElo "1636"]
[BlackElo "1641"]
[PlyCount "106"]
[EventDate "2018.05.19"]
[EventType "swiss"]
[EventRounds "7"]
[EventCountry "GER"]
[SourceTitle "EXT 2020"]
[Source "ChessBase"]
[SourceDate "2019.10.17"]
[SourceVersion "1"]
[SourceVersionDate "2019.10.17"]
[SourceQuality "1"]

1. e4 c5 2. Bc4 e6 3. Nc3 Nc6 4. Nf3 Nf6 5. a3 Qc7 6. d3 Be7 7. 0-0 0-0 8. Bd2 a6 9. Re1 b5 10. Bb3 Bb7 11. Ne2 d5 12. exd5 exd5 13. Nf4 c4 14. dxc4 dxc4 15. Ba2 Bd6 16. Ne2 Rad8 17. Qc1 Nb8 18. Bf4 Bxf3 19. Bxd6 Qxd6 20. gxf3 Rfe8 21. b3 cxb3 22. Bxb3 Qd2 23. Qxd2 Rxd2 24. Ng3 Red8 25. Re7 R2d7 26. Bxf7+ Kf8 27. Rxd7 Rxd7 28. Bb3 Nc6 29. Ne4 Nh5 30. Nc5 Ra7 31. Re1 Nf4 32. Ne6+ Nxe6 33. Rxe6 Nd4 34. Re3 Rc7 35. a4 Nxc2 36. Bxc2 Rxc2 37. axb5 axb5 38. Rb3 Rc5 39. Kf1 Ke7 40. Ke2 Kd6 41. h4 h5 42. Kd3 Kc6 43. Rb4 Rd5+ 44. Ke4 Rc5 45. Kd4 Rf5 46. Ke4 g6 47. Rb1 Kb6 48. Rd1 Kc5 49. Rc1+ Kb6 50. Rg1 Rf6 51. Rb1 Rc6 52. f4 Rc4+ 53. Ke3 b4 0-1

[Event "Pinneberg-ch"]
[Site "Pinneberg"]
[Date "2017.09.28"]
[Round "4"]
[White "Frackowiak, Stanislaw"]
[Black "Klawitter, Bernd"]
[Result "1/2-1/2"]
[WhiteElo "1553"]
[BlackElo "1388"]
[PlyCount "53"]
[EventDate "2017.09.07"]
[EventType "swiss"]
[EventRounds "7"]
[EventCountry "GER"]
[SourceTitle "EXT 2019"]
[Source "ChessBase"]
[SourceDate "2018.10.10"]
[SourceVersion "1"]
[SourceVersionDate "2018.10.10"]
[SourceQuality "1"]

1. d4 d5 2. Nf3 c6 3. e3 Bf5 4. Nbd2 e6 5. Be2 Nf6 6. 0-0 Bd6 7. c4 Nbd7 8. c5 Bb8 9. Nh4 Bg6 10. Ndf3 Qc7 11. g3 e5 12. dxe5 Nxe5 13. Nxe5 Qxe5 14. Qb3 Qe7 15. Bd2 Ne4 16. Bb4 a5 17. Ba3 Nd2 18. Qc3 Nxf1 19. Bxf1 Be5 20. Qb3 Bf6 21. Ng2 0-0 22. Nf4 Be4 23. Re1 Bf3 24. Be2 Bxe2 25. Nxe2 Rfe8 26. Nd4 Qe4 27. Qxb7 1/2-1/2

[Event "Harburg-chF 12th"]
[Site "Hamburg"]
[Date "2017.08.05"]
[Round "2"]
[White "Kort, Felix"]
[Black "Frackowiak, Stanislaw"]
[Result "0-1"]
[WhiteElo "1464"]
[BlackElo "1500"]
[PlyCount "76"]
[EventDate "2017.08.06"]
[EventType "tourn"]
[EventRounds "5"]
[EventCountry "GER"]
[SourceTitle "CBM 180 Extra"]
[Source "ChessBase"]
[SourceDate "2017.10.06"]
[SourceVersion "1"]
[SourceVersionDate "2017.10.06"]
[SourceQuality "1"]

1. d4 Nf6 2. c4 e6 3. Nc3 Bb4 4. Bg5 h6 5. Bf4 b6 6. Nf3 g5 7. Bg3 Bb7 8. e3 Ne4 9. Rc1 Bxc3+ 10. bxc3 Nxg3 11. hxg3 Qf6 12. Ne5 d6 13. Ng4 Qg7 14. f3 Nd7 15. Bd3 0-0-0 16. Rb1 f5 17. Nf2 Rdf8 18. g4 f4 19. e4 e5 20. d5 Nc5 21. Bc2 Qg6 22. Ba4 Kb8 23. Rh5 Bc8 24. Nd3 Nxe4 25. Qc2 Ng3 26. Rh3 h5 27. Nxe5 Qxc2 28. Nc6+ Kb7 29. Bxc2 hxg4 30. Ba4 Ka8 31. fxg4 Bxg4 32. Rxh8 Rxh8 33. Rb2 Re8+ 34. Kf2 Ne4+ 35. Kf1 Nxc3 36. Bb5 Nxb5 37. Rxb5 Be2+ 38. Kf2 Bxc4 0-1

[Event "Hamburg-ch Seniors 23rd"]
[Site "Hamburg"]
[Date "2016.11.10"]
[Round "9"]
[White "Schulz, Hans"]
[Black "Frackowiak, Stanislaw"]
[Result "1/2-1/2"]
[WhiteElo "1585"]
[BlackElo "1600"]
[PlyCount "51"]
[EventDate "2016.11.02"]
[EventType "swiss"]
[EventRounds "9"]
[EventCountry "GER"]
[SourceTitle "EXT 2019"]
[Source "ChessBase"]
[SourceDate "2018.10.10"]
[SourceVersion "1"]
[SourceVersionDate "2018.10.10"]
[SourceQuality "1"]

1. c4 Nc6 2. g3 e5 3. Bg2 Nf6 4. Nc3 Bc5 5. e3 0-0 6. Nge2 a6 7. 0-0 d6 8. d4 Bb6 9. a3 Bf5 10. b4 Qc8 11. f3 Bh3 12. c5 dxc5 13. dxc5 Bxg2 14. Kxg2 Ba7 15. e4 Rd8 16. Qc2 Nd4 17. Nxd4 Rxd4 18. Be3 Rd8 19. Rad1 Qe6 20. Rd3 Qe7 21. Rfd1 c6 22. R1d2 Kf8 23. Qd1 Ke8 24. Rxd8+ Rxd8 25. Rxd8+ Qxd8 26. Qxd8+ 1/2-1/2

[Event "Hamburg-ch Seniors 23rd"]
[Site "Hamburg"]
[Date "2016.11.06"]
[Round "5"]
[White "Frackowiak, Stanislaw"]
[Black "Hinke, Gerhard"]
[Result "0-1"]
[WhiteElo "1600"]
[BlackElo "1557"]
[PlyCount "64"]
[EventDate "2016.11.02"]
[EventType "swiss"]
[EventRounds "9"]
[EventCountry "GER"]
[SourceTitle "EXT 2019"]
[Source "ChessBase"]
[SourceDate "2018.10.10"]
[SourceVersion "1"]
[SourceVersionDate "2018.10.10"]
[SourceQuality "1"]

1. d4 Nf6 2. Nf3 d5 3. e3 e6 4. Bd3 c5 5. c3 Nc6 6. Nbd2 Bd6 7. 0-0 0-0 8. Re1 h6 9. e4 dxe4 10. Nxe4 cxd4 11. Nxd6 Qxd6 12. Nxd4 Nxd4 13. cxd4 Re8 14. Be3 Bd7 15. Rc1 Bc6 16. b3 Qd5 17. f3 Rad8 18. Rc5 Qd6 19. Re5 Nd5 20. Bd2 Nb4 21. Be3 Nxd3 22. Qxd3 f6 23. Rh5 Re7 24. Rd1 Be8 25. Rh4 Qd5 26. Rg4 g5 27. h4 Rg7 28. hxg5 hxg5 29. Kf2 Rdd7 30. Rh1 Bg6 31. Qd2 Rc7 32. Rg3 Rc2 0-1

[Event "Pinneberg-ch"]
[Site "Pinneberg"]
[Date "2016.09.15"]
[Round "3"]
[White "Holzhausen, Joerg"]
[Black "Frackowiak, Stanislaw"]
[Result "1/2-1/2"]
[WhiteElo "1505"]
[BlackElo "1427"]
[PlyCount "61"]
[EventDate "2016.09.01"]
[EventType "swiss"]
[EventRounds "7"]
[EventCountry "GER"]
[SourceTitle "EXT 2018"]
[Source "ChessBase"]
[SourceDate "2017.10.13"]
[SourceVersion "1"]
[SourceVersionDate "2017.10.13"]
[SourceQuality "1"]

1. e4 c5 2. Nf3 Nc6 3. d4 cxd4 4. Nxd4 Nf6 5. Nc3 e6 6. Ndb5 Bb4 7. Nd6+ Ke7 8. Nxc8+ Rxc8 9. Bd3 d5 10. Bd2 Bxc3 11. Bxc3 dxe4 12. Bxf6+ Kxf6 13. Bxe4 Qxd1+ 14. Rxd1 Ke7 15. c3 f5 16. Bxc6 Rxc6 17. Ke2 Rd8 18. Rxd8 Kxd8 19. Rd1+ Ke7 20. Ke3 g5 21. g3 Rd6 22. Rd4 Rxd4 23. cxd4 Kd6 24. f4 g4 25. a4 a5 26. Kd3 Kd5 27. b3 Kc6 28. Kc4 b6 29. Kc3 b5 30. Kd3 bxa4 31. bxa4 1/2-1/2

[Event "Hamburg-ch Seniors 22nd"]
[Site "Hamburg"]
[Date "2015.11.01"]
[Round "5"]
[White "Graffenberger, Marianne"]
[Black "Frackowiak, Stanislaw"]
[Result "1/2-1/2"]
[WhiteElo "1526"]
[BlackElo "1650"]
[PlyCount "116"]
[EventDate "2015.10.28"]
[EventType "swiss"]
[EventRounds "9"]
[EventCountry "GER"]
[SourceTitle "EXT 2018"]
[Source "ChessBase"]
[SourceDate "2017.10.13"]
[SourceVersion "1"]
[SourceVersionDate "2017.10.13"]
[SourceQuality "1"]

1. e4 c5 2. Nf3 Nc6 3. d4 cxd4 4. Nxd4 Nf6 5. Nc3 e6 6. Bg5 Bb4 7. Nf3 Qa5 8. Bxf6 gxf6 9. Qd2 Rg8 10. Nd4 Ne5 11. Nb3 Bxc3 12. Qxc3 Qxc3+ 13. bxc3 b6 14. f4 Nc6 15. Rg1 Bb7 16. 0-0-0 Rc8 17. Kb2 Ne7 18. Bd3 d5 19. exd5 Nxd5 20. Be4 f5 21. Bxd5 Bxd5 22. g3 Ke7 23. Rge1 Rc7 24. Rxd5 h5 25. Rxf5 Rgc8 26. Rxh5 Rxc3 27. Re2 Kf6 28. Rhe5 a5 29. R5e3 R3c4 30. Re4 R4c7 31. g4 Rg8 32. h3 Rcc8 33. Rg2 Rh8 34. Rg3 Rh4 35. Re5 Rg8 36. Rb5 Rb8 37. Rh5 Rxh5 38. gxh5 Re8 39. Nd2 e5 40. fxe5+ Rxe5 41. Nc4 Rxh5 42. a4 Rh4 43. Kc3 Ke6 44. Nxb6 f5 45. Nc4 Kd5 46. Ne3+ Ke4 47. Nxf5 Kxf5 48. Kb3 Rb4+ 49. Ka3 Rc4 50. c3 Rf4 51. Kb3 Rf1 52. Rd3 Ke6 53. Kc4 Rf5 54. Rd4 Rf3 55. h4 Rf5 56. Re4+ Kd6 57. Rd4+ Kc6 58. Kb3 Kc5 1/2-1/2

[Event "Pinneberg op Seniors 16th"]
[Site "Pinneberg"]
[Date "2015.08.13"]
[Round "7"]
[White "Busse, Gerd"]
[Black "Frackowiak, Stanislaw"]
[Result "0-1"]
[WhiteElo "1589"]
[BlackElo "1528"]
[PlyCount "68"]
[EventDate "2015.07.02"]
[EventType "swiss"]
[EventRounds "7"]
[EventCountry "GER"]
[SourceTitle "EXT 2017"]
[Source "ChessBase"]
[SourceDate "2016.10.25"]
[SourceVersion "1"]
[SourceVersionDate "2016.10.25"]
[SourceQuality "1"]

1. e4 c5 2. Nc3 Nc6 3. f4 e6 4. Nf3 d5 5. Bb5 Nge7 6. exd5 exd5 7. Ne5 a6 8. Bxc6+ Nxc6 9. Nxc6 bxc6 10. 0-0 Be7 11. d3 0-0 12. Na4 Rb8 13. b3 Bf6 14. Rb1 Qa5 15. Bd2 Qb5 16. c4 Bd4+ 17. Kh1 Qb7 18. Qf3 Bf5 19. Rbe1 Qd7 20. Bc3 Rbe8 21. Qg3 Qd6 22. h3 Qf6 23. Bd2 Re6 24. Qf3 dxc4 25. dxc4 Rfe8 26. Rxe6 Rxe6 27. Re1 h6 28. Rxe6 Qxe6 29. Qf1 Be4 30. Kh2 Qd6 31. Bc3 f5 32. Bd2 Qf6 33. Qe1 Qg6 34. Qg3 Bg1+ 0-1

[Event "Hamburg-ch Seniors 21st"]
[Site "Hamburg"]
[Date "2014.11.06"]
[Round "9"]
[White "Schmidt, Berthold"]
[Black "Frackowiak, Stanislaw"]
[Result "0-1"]
[WhiteElo "1328"]
[BlackElo "1559"]
[PlyCount "88"]
[EventDate "2014.10.29"]
[EventType "swiss"]
[EventRounds "9"]
[EventCountry "GER"]
[SourceTitle "EXT 2018"]
[Source "ChessBase"]
[SourceDate "2017.10.13"]
[SourceVersion "1"]
[SourceVersionDate "2017.10.13"]
[SourceQuality "1"]

1. e4 c5 2. Nf3 Nc6 3. Bb5 e6 4. Bxc6 bxc6 5. c4 d6 6. 0-0 Be7 7. d4 cxd4 8. Nxd4 Bd7 9. Bd2 Nf6 10. Re1 0-0 11. a4 a6 12. Qc1 c5 13. Nf3 e5 14. Nc3 Bc6 15. Nd5 Nxd5 16. cxd5 Bd7 17. h3 f5 18. exf5 Bxf5 19. g4 Bxg4 20. hxg4 Rxf3 21. Kg2 Rf8 22. Ra3 Qd7 23. Qd1 Rab8 24. Bc1 Rb4 25. f3 Rd4 26. Qb3 Rb4 27. Qc2 Qb7 28. Rh1 g6 29. Qd2 Rf7 30. Rh3 Bf6 31. Qd1 Rxb2+ 32. Kg3 Rb1 33. Qd2 Qb4 34. g5 Bd8 35. Rh4 Qb8 36. Ra2 Rfb7 37. Rc2 Bc7 38. Qe3 Ba5 39. Qd3 Be1+ 40. Kh3 Bxh4 41. Kxh4 R7b4+ 42. Kg3 Rxa4 43. Ba3 Rg1+ 44. Kf2 Qb1 0-1

[Event "Hamburg-ch Seniors 21st"]
[Site "Hamburg"]
[Date "2014.11.03"]
[Round "6"]
[White "Hilbig, Klaus"]
[Black "Frackowiak, Stanislaw"]
[Result "1-0"]
[WhiteElo "1418"]
[BlackElo "1559"]
[PlyCount "88"]
[EventDate "2014.10.29"]
[EventType "swiss"]
[EventRounds "9"]
[EventCountry "GER"]
[SourceTitle "EXT 2018"]
[Source "ChessBase"]
[SourceDate "2017.10.13"]
[SourceVersion "1"]
[SourceVersionDate "2017.10.13"]
[SourceQuality "1"]

1. d4 Nf6 2. Nf3 b6 3. e3 Bb7 4. Nbd2 e6 5. Bd3 Bb4 6. a3 Be7 7. b4 0-0 8. Bb2 d5 9. 0-0 Nbd7 10. c4 dxc4 11. Bxc4 Nd5 12. e4 Nf4 13. Bc1 Ng6 14. Qe2 a5 15. b5 Re8 16. a4 Nf6 17. g3 Bb4 18. Bb2 Rc8 19. Rad1 Nd5 20. Qd3 Nf6 21. Ne1 Bxd2 22. Rxd2 Bxe4 23. Qe3 Bd5 24. Bd3 Ba8 25. Qe2 Qd6 26. f3 Qd7 27. Bc4 Ne7 28. Nd3 Ng6 29. Ne5 Nxe5 30. Qxe5 Nd5 31. Bd3 Rcd8 32. Rc2 Re7 33. Qe4 Nf6 34. Qe5 Qc8 35. Kf2 Qb7 36. Rc6 Qc8 37. Rc2 Nd5 38. Ba3 Ree8 39. Rfc1 f6 40. Qe1 e5 41. Qe4 exd4 42. Qxh7+ Kf7 43. Bg6+ Ke6 44. Qh3+ Ke5 1-0